000 00374nam a22001577a 4500
082 _aM803
_bRAM/O
100 _aVayalar
245 _aOru kaviyude diary/
_cby Vayalar
250 _a1st.
260 _aKollam:
_bSangeerthanam Publications,
_c2014.
300 _a72p.
650 _aMemoirs Malayalam
650 _aLiterature Malayalam
650 _aLiterature
942 _cBK
999 _c67669
_d67669